Famous TV Sidekicks Quiz Stats

 Plays Quiz not verified by Sporcle

Score 0/20 Timer 04:00
0 Plays Today
% Correct
Robin
91.2%
Milhouse Van Houten
88.2%
The Brain
87.1%
Brian Griffin
83.5%
Gunther
78%
Gnasher
77.9%
Ferb
72.3%
Stimpy
64.3%
Bronn
60.7%
Butters Scotch
52.9%
% Correct
Roz Doyle
51.4%
Reptar
44.2%
Helga Pataki
41%
Stuart Bloom
35.7%
Darwin
29.9%
Jack Kelly
24.4%
Donna Meagle
23.6%
Ranjit Singh
19.2%
Binky
18.7%
Libby Folfax
16.6%

You're not logged in!

Compare scores with friends on all Sporcle quizzes.
OR
Log In

Show Comments

Extras

Top Quizzes Today


Score Distribution

Your Account Isn't Verified!

In order to create a playlist on Sporcle, you need to verify the email address you used during registration. Go to your Sporcle Settings to finish the process.

Report this User

Report this user for behavior that violates our Community Guidelines.

Details: